MARC

LEADER 00000nam0a2200000 4500
001 114336
005 20231031122221.0
010 |a 5020020788 
020 |a RU  |b 90-11617 
035 |a (RuTPU)RU\TPU\book\123640 
090 |a 114336 
100 |a 20070421d1990 km a0rusy5003 ca 
101 0 |a rus 
102 |a RU 
105 |a af z 001zy 
200 1 |a Тектоника и нефтегазоносность поднадвиговых зон  |e сборник научных трудов  |f Академия наук СССР (АН СССР), Научный совет по проблемам геологии и геохимии нефти и газа ; Институт геологии и разработки горючих ископаемых (ИГиРГИ) ; отв. ред. В. Е. Хаин 
210 |a Москва  |c Наука  |d 1990 
215 |a 290 с.  |c ил. 
320 |a Библиография в конце статей 
610 1 |a тектоника 
610 1 |a нефтегазоносность 
610 1 |a сборники 
610 1 |a нефтеносные районы 
610 1 |a газоносные районы 
675 |a 553.98.041:551.24  |v 3 
702 1 |a Хаин  |b В. Е.  |g Виктор Ефимович  |4 340 
712 0 2 |a Академия наук СССР (АН СССР)  |b Научный совет по проблемам геологии и геохимии нефти и газа  |2 stltpush  |3 (RuTPU)RU\TPU\col\722 
712 0 2 |a Институт геологии и разработки горючих ископаемых (ИГиРГИ)  |c (Москва)  |2 stltpush  |3 (RuTPU)RU\TPU\col\294 
801 0 |a RU  |b RuMRKP  |c 19950417  |g psbo 
801 1 |a RU  |b 63413507  |c 20070421  |g PSBO 
801 2 |a RU  |b 63413507  |c 20091117  |g PSBO 
942 |c BK